| 000 | 00598nam a2200205 i 4500 | ||
|---|---|---|---|
| 001 | bgj | ||
| 245 | 0 | 0 |
_aWords and their stories / _cV[oice] O[f] A[merica]. Special English. |
| 260 |
_a[Washington, D.C.] : _bVoice of America, _c[ca 1990]. |
||
| 300 |
_a172 pp ; _c21 cm. |
||
| 490 | 1 | _aSpecial English | |
| 505 | _aThis is a collection of radio scripts. | ||
| 650 | 9 |
_aSpecial English _xReaders |
|
| 710 | p | 0 |
_aVOICE OF AMERICA _bSpecial English |
| 830 | _aSpecial English | ||
| 020 | _apbk | ||
| 040 | _cBPK | ||
| 041 | n | _aeng | |
| 942 | _cKS | ||
| 008 | s uk f |000 0 eng | ||
| 999 |
_c41423 _d41423 |
||
| 856 |
_uhttp://koha.tu.koszalin.pl/cgi-bin/koha/opac-detail.pl?biblionumber=41423 _yKatalog online BPK |
||